000 00313nam a22001457a 4500
008 221005b ||||| |||| 00| 0 eng d
020 _a9781259360152
041 _aeng
080 _a611
082 _a611 SAL
100 _a10.2
101 _aANA
245 _aANATOMY PHYSIOLOGY
_cSALADIN K
942 _2udc
_cBK
999 _c58362
_d58362